Normal view
MARC view
Entry Personal Name
001 - CONTROL NUMBER
- control field: 11794
003 - CONTROL NUMBER IDENTIFIER
- control field: dpl
005 - DATE AND TIME OF LATEST TRANSACTION
- control field: 20100812141836.0
008 - FIXED-LENGTH DATA ELEMENTS
- fixed length control field: 100812|||a|||||| | ||| d
040 ## - CATALOGING SOURCE
- Original cataloging agency: dpl
- Transcribing agency: dpl
100 ## - HEADING--PERSONAL NAME
- Personal name: मुबीन, ए.
670 ## - SOURCE DATA FOUND
- Source citation: Work cat.: (dpl)32879: मुबीन, ए., सुपर कम्प्यूटर का आतंक /, व.अ.
670 ## - SOURCE DATA FOUND
- Source citation: Work cat.: (dpl)32879: मुबीन, ए., सुपर कम्प्यूटर का आतंक /, व.अ.
